Statistiken für Die 10 Erfolgreichsten Nintendo 64 Spiele

Klicken Sie hier um das Quiz zu spielen!

Allgemein

  • Dieses Quiz wurde 150 mal gespielt
  • Das Durchschnittsergebnis liegt bei 5 aus 10

Antwortstatistiken

PlatzSpielverkaufte EinheitenJahr% Korrekt
1Super Mario 6411,91 Millionen1996
95%
2Mario Kart 649,87 Millionen1996
79%
4The Legend of Zelda: Ocarina of Time7,60 Millionen1998
65%
5Super Smash Bros.5,55 Millionen1999
47%
7Donkey Kong 645,27 Millionen1999
46%
10Banjo-Kazooie3,65 Millionen1998
42%
6Pokemon Stadium5,46 Millionen1999
39%
8Diddy Kong Racing4,88 Millionen1997
24%
9Star Fox 644,00 Millionen1997
20%
3GoldenEye 0078,06 Millionen1997
19%

Verteilung der Resultate

Perzentil nach korrekt beantworteten Fragen

Anzahl Personen mit jedem Resultat

Ihre Resultats-Entwicklung

Sie haben dieses Quiz noch nicht gespielt